[Event "Regionalliga NO 0405"]
[Site "Bayern"]
[Date "2004.10.24"]
[Round "1.3"]
[White "Achhammer, Alois"]
[Black "Klein, Waldemar"]
[Result "1-0"]
[WhiteElo "2126"]
[BlackElo "1996"]
[PlyCount "97"]
[EventDate "2004.10.24"]
[EventType "team-tourn"]
[EventRounds "9"]
[EventCountry "GER"]
[SourceTitle "EXT 2007"]
[Source "ChessBase"]
[SourceDate "2006.11.23"]
[SourceVersion "1"]
[SourceVersionDate "2006.11.23"]
[SourceQuality "1"]
[WhiteTeam "Regensburg Eulenspiegel"]
[BlackTeam "Nuernberg Sued SW II"]
[WhiteTeamCountry "GER"]
[BlackTeamCountry "GER"]

1. e4 c6 2. d4 g6 3. Nc3 d5 4. e5 h5 5. Bd3 Qb6 6. Nce2 Nh6 7. c3 Bf5 8. Nf3 e6 9. Ng3 Bxd3 10. Qxd3 Qa6 11. Qxa6 Nxa6 12. h3 Be7 13. Bg5 Bxg5 14. Nxg5 c5 15. Nf3 0-0 16. a3 c4 17. Kd2 Rac8 18. Ne2 Rc6 19. Nf4 Kg7 20. Ng5 Nc7 21. g3 Rh8 22. Rag1 Ng8 23. g4 hxg4 24. Rxg4 Nh6 25. Rgg1 Nf5 26. Nf3 Nh4 27. Nxh4 Rxh4 28. Rg4 Rxg4 29. hxg4 Ne8 30. g5 Kg8 31. Ng2 Ng7 32. Ne3 Nh5 33. Ng4 Rc8 34. Nf6+ Kg7 35. Nxh5+ gxh5 36. Rxh5 Kg6 37. Rh6+ Kxg5 38. Rf6 Rc7 39. Ke3 b5 40. f4+ Kh5 41. f5 exf5 42. Kf4 a5 43. Rxf5+ Kg6 44. Rf6+ Kg7 45. Rd6 b4 46. axb4 axb4 47. Rxd5 b3 48. Ra5 Rc8 49. Ke4 1-0